| 000 | 00000nam 2200000zi 4500 |
| 001 | 9.931304 |
| 003 | CaOODSP |
| 005 | 20240207074651 |
| 006 | m o d f |
| 007 | cr mn||||||||| |
| 008 | 231211t20242024quca ob f000 0 eng d |
| 020 | |a9780660692616 |
| 040 | |aCaOODSP|beng|erda|cCaOODSP |
| 043 | |an-cn-ns |
| 086 | 1 |aTU3-12/21-0041E-PDF |
| 110 | 2 |aTransportation Safety Board of Canada.|eauthor, |eissuing body. |
| 245 | 10|aCatastrophic failure of machinery, subsequent fire, and sinking, fishing vessel Atlantic Destiny, 120 nautical miles south of Yarmouth, Nova Scotia, 02 March 2021. |
| 264 | 1|aGatineau QC : |bTransportation Safety Board of Canada = Bureau de la sécurité des transports du Canada, |c2024. |
| 264 | 4|c©2024 |
| 300 | |a1 online resource (56 pages) : |billustrations. |
| 336 | |atext|btxt|2rdacontent |
| 337 | |acomputer|bc|2rdamedia |
| 338 | |aonline resource|bcr|2rdacarrier |
| 490 | 1 |aMarine transportation safety investigation report ; |vM21A0041 |
| 500 | |aIssued also in French under title: Défaillance catastrophique du moteur, incendie subséquent et naufrage, navire de pêche Atlantic Destiny, 120 milles marins au sud de Yarmouth (Nouvelle-Écosse), 2 mars 2021. |
| 500 | |a"Released on 24 January 2024." |
| 504 | |aIncludes bibliographical references. |
| 650 | 0|aMarine accidents|xInvestigation|zNova Scotia. |
| 775 | 08|tDéfaillance catastrophique du moteur, incendie subséquent et naufrage, navire de pêche Atlantic Destiny, 120 milles marins au sud de Yarmouth (Nouvelle-Écosse), 2 mars 2021.|w(CaOODSP)9.931307 |
| 830 | #0|aMarine transportation safety investigation report ;|vM21A0041.|w(CaOODSP)9.856045 |
| 856 | 40|qPDF|s2.61 MB|uhttps://publications.gc.ca/collections/collection_2024/bst-tsb/TU3-12-21-0041-eng.pdf |
| 856 | 4 |qHTML|sN/A|uhttps://www.bst-tsb.gc.ca/eng/rapports-reports/marine/2021/m21a0041/m21a0041.html |